• 首页
  • 本馆介绍
  • 公告通知
  • 最新文献
  • 馆藏检索
  • 电子资源
  • 读者导购
  • 参考咨询
  • 我的图书馆
  • 登录
  • 详细信息显示
  • 放入我的书架
  • 预约/预借图书
  • 作者相关作品
  • 分类相关作品
  • 丛书相关作品
  • 出版社相关作品

书目信息

  • 表格格式
  • 工作单格式
  • 卡片格式
题名:
两宋农民战争史料汇编
    
 
作者: 何竹淇 编
分册: 4  
出版信息: 北京   中华书局  1976
页数: 336-668页
开本: 20cm
丛书名:
单 册:
中图分类: K244.01 , K24
科图分类:
主题词: 农民战争--中国--两宋时代--史料
电子资源:
ISBN:
000 00632nam0 2200229 450
001 1558807709
005 20150123162029.39
010    @dCNY1.00
091    @a11018.704
100    @a19951017d1976 em y0chiy0110 ea
101 0  @achi
102    @aCN@b110000
105    @ay z 000yd
200 1  @a两宋农民战争史料汇编@9liang song nong min zhan zheng shi liao hui bian@h4@f何竹淇编
210    @a北京@c中华书局@d1976
215    @a336-668页@d20cm
606 0  @a农民战争@y中国@z两宋时代@x史料
690    @aK244.01@v5
690    @aK24@v4
701  0 @a何竹淇@9he zhu qi@4编
801  0 @aCN@bTSSF@c20150123
905    @aZUCC@dK24@eJY44:4
    
    两宋农民战争史料汇编.4/何竹淇编.-北京:中华书局,1976
    336-668页;20cm
    
    
    ISBN :CNY1.00
    
●
相关链接 在E读中查询图书 在五车中查询图书 在当当中查询图书 在豆瓣中查询图书


正题名:两宋农民战争史料汇编     索取号:K24/JY44:4         预约/预借

序号 登录号 条形码 馆藏地/架位号 状态 备注
1 7850155   278501550   学院路分馆/ [索取号:K24/JY44:4] 在馆    
唐山师范学院图书馆 欢迎您!
大连网信软件有限公司© 版权所有